000 01240nam a22002777a 4500
001 7259
003 FISKH
005 20251017120521.0
008 250704b cb ||||| |||| 00| 0 eng d
020 _a9780194646277
040 _aFISKH
_beng
_cFISKH
_dFISKH
050 _aPZ7
082 _a428.64
100 _aNorthcott, Richard
245 _aSchools :
_bOxford read and discover /
_cRichard Northcott
250 _aThis edition published in 2016.
260 _aUnited Kingdom :
_bOxford University Press,
_c2012.
300 _a32 pages :
_bcolor illustrations ;
_c21 cm
505 _aG
520 _aThis exciting new series of non-fiction readers provides interesting and educational content, with activities and project work. The readers are graded at four levels, from 3 to 6, suitable for students from age 8 and older. They can support Content and Language Integrated Learning (CLIL), andcover a broad range of topics, within three curriculum areas:The World of Science and TechnologyThe Natural WorldThe World of Arts and Social StudiesAlso available for each reader
521 8 _a380
_bLexile
521 8 _aG
_bRaz-Plus
650 _aLibraries,
_vSchools
_xMuseums,
942 _2ddc
_cBK
_n0
999 _c7259
_d7259